Focus two (Record no. 77047)

MARC details
000 -LEADER
fixed length control field 00963cab a2200217 4500
001 - CONTROL NUMBER
control field ##L133505
008 - FIXED-LENGTH DATA ELEMENTS--GENERAL INFORMATION
fixed length control field 060515n2006 000 0 eng u
035 ## - SYSTEM CONTROL NUMBER
System control number (Sirsi) u133505
041 0# - LANGUAGE CODE
Language code of text/sound track or separate title eng
100 1# - MAIN ENTRY--PERSONAL NAME
Personal name Jack, Simon
245 00 - TITLE STATEMENT
Title Focus two
Remainder of title Hampshire and Dorset
260 ## - PUBLICATION, DISTRIBUTION, ETC.
Date of publication, distribution, etc. 2006
490 #0 - SERIES STATEMENT
Series statement Estates Gazette
Volume/sequential designation (0618) 6 May 2006, 107-123(7)
520 ## - SUMMARY, ETC.
Summary, etc. Covers retail schemes in Bournemouth, Southampton, Portsmouth and Winchester which are going some way towards meeting rising requirements. Reports on the regional office market with times still hard for Blackwater developers but good conditions obtaining for those on the M27. Sees the lack of developable land causing fierce competition in the regional industrial property market with rent increases likely.
590 ## - LOCAL NOTE (RLIN)
Local note IKA230506
651 #4 - SUBJECT ADDED ENTRY--GEOGRAPHIC NAME
Geographic name DORSET
651 #4 - SUBJECT ADDED ENTRY--GEOGRAPHIC NAME
Geographic name HAMPSHIRE
690 ## - LOCAL SUBJECT ADDED ENTRY--TOPICAL TERM (OCLC, RLIN)
Topical term or geographic name as entry element PROPERTY-COMMERCIAL PROPERTY-COMMERCIAL PROPERTY MARKET
700 1# - ADDED ENTRY--PERSONAL NAME
Personal name Taylor, Andrew
942 ## - ADDED ENTRY ELEMENTS (KOHA)
Suppress in OPAC 0
Holdings
Withdrawn status Lost status Source of classification or shelving scheme Damaged status Not for loan Home library Current library Shelving location Date acquired Total Checkouts Full call number Barcode Date last seen Copy number Price effective from Koha item type
    Dewey Decimal Classification     London London Journal article 15/05/2006   L133505 133505-1001 06/08/2019 1 06/08/2019 Journal article